Common-sense in Law / (Record no. 586999)
[ view plain ]
| 000 -LEADER | |
|---|---|
| fixed length control field | 00372nam a22001337a 4500 |
| 020 ## - INTERNATIONAL STANDARD BOOK NUMBER | |
| International Standard Book Number | 9780342951802 |
| 082 ## - DEWEY DECIMAL CLASSIFICATION NUMBER | |
| Classification number | 340 VIN |
| 100 ## - MAIN ENTRY--PERSONAL NAME | |
| Personal name | Vinogradoff, Paul |
| 245 ## - TITLE STATEMENT | |
| Title | Common-sense in Law / |
| Statement of responsibility, etc. | Paul Vinogradoff |
| 260 ## - PUBLICATION, DISTRIBUTION, ETC. | |
| Place of publication, distribution, etc. | London : |
| Name of publisher, distributor, etc. | Williams and Norgate, |
| Date of publication, distribution, etc. | N.A. |
| 300 ## - PHYSICAL DESCRIPTION | |
| Extent | 256 p. ; |
| Dimensions | 23 cm. |
| 942 ## - ADDED ENTRY ELEMENTS (KOHA) | |
| Source of classification or shelving scheme | |
| Koha item type | Book |
| Withdrawn status | Lost status | Source of classification or shelving scheme | Damaged status | Not for loan | Permanent Location | Current Location | Shelving location | Date acquired | Source of acquisition | Total Checkouts | Full call number | Barcode | Checked out | Date last seen | Date last checked out | Price effective from | Koha item type |
|---|---|---|---|---|---|---|---|---|---|---|---|---|---|---|---|---|---|
| NUST Law School (NLS) | NUST Law School (NLS) | Law | 12/03/2021 | Pakistan Law House | 4 | 340 VIN | CL-918 | 03/11/2025 | 02/09/2025 | 02/09/2025 | 12/03/2021 | Book |
